<The> Economic outlook in the press preliminary version

Guardado en:
Detalles Bibliográficos
Formato: Libro
Lenguaje:inglés
francés
español
japonés
Publicado: Paris OECD Media Relations 2001
Materias:
Etiquetas: Agregar Etiqueta
Sin Etiquetas, Sea el primero en etiquetar este registro!

MARC

LEADER 00000nam a2200000 4500
001 c127714
005 20240104114821.0
041 0 |a eng 
041 0 |a fre 
041 0 |a spa 
041 0 |a jpn 
044 |a FR 
245 1 0 |a <The> Economic outlook in the press  |b preliminary version 
264 1 |a Paris  |b OECD Media Relations  |c 2001 
300 |a 241 s. 
610 2 0 |a politika hospodárska 
610 2 0 |a situácia hospodárska 
610 2 0 |a tlač 
610 2 0 |a médiá 
610 2 0 |a porovnanie medzinárodné 
610 2 0 |a noviny 
610 2 0 |a svet 
610 2 0 |a OECD 
610 2 0 |a máj 
610 2 0 |a 2001